00422nam a2200145Ia 4500008004100000010001400041040002600055041002600081082001700107100002500124245004500149260003700194300002200231600002300253090201s9999 xx 000 0 und d aKPL-16320 bइंग्रजी aइंग्रजी a40339b16320 a viveknand memorial ashivaji in storiesc viveknand memorial c2004bvivekananda kendra patrika a303bमोठा ashivaji in stories